[Event "16th open"]
[Site "Cappelle La Grande FRA"]
[Date "2000.02.25"]
[Round "8"]
[White "Vavrak,P"]
[Black "Lerner,K"]
[Result "0-1"]
[WhiteElo "2360"]
[BlackElo "2575"]

1.d4 Nf6 2.c4 e6 3.Nf3 b6 4.g3 Ba6 5.b3 Bb4+ 6.Bd2 Be7 7.Bg2 O-O 8.O-O d5
9.Ne5 Bb7 10.Nc3 Na6 11.Bf4 Qc8 12.cxd5 exd5 13.Rc1 Qe6 14.Nd3 Ne4 15.Be5 g5
16.g4 Nxc3 17.Rxc3 Qxg4 18.b4 c6 19.a4 Rac8 20.b5 cxb5 21.Rxc8 Rxc8 22.axb5 Nc7
23.Qa4 a5 24.bxa6 Bxa6 25.Rc1 Bc4 26.Qa7 Qxe2 27.Bh3 Re8 28.Qxc7 Qxd3 29.Qd7 Bb5
30.Qxd5 Rd8 31.Qb7 Kf8 32.Bf1 Qd2 33.Rc8 Qd1 34.Rxd8+ Bxd8 35.Bd6+ Kg8 36.Qg2 Bxf1
37.Qxf1 Qxd4 38.Bg3 Qd5 39.Qe2 Bf6 40.Qe8+ Kg7 41.Qb8 b5 42.Bd6 h5  0-1

[Event "ch-Serbia"]
[Site "Kragujevac YUG"]
[Date "2000.02.25"]
[Round "7"]
[White "Bodiroga,P"]
[Black "Perunovic,Mil"]
[Result "0-1"]
[WhiteElo "2439"]
[BlackElo "2384"]

1.d4 Nf6 2.c4 e6 3.Nf3 b6 4.g3 Ba6 5.b3 b5 6.cxb5 Bxb5 7.Bg2 a5 8.O-O Bc6
9.a3 Qc8 10.Nc3 Qb7 11.Re1 Ne4 12.Qc2 Ra6 13.Bf4 Nxc3 14.Qxc3 d5 15.Ne5 Bd6
16.Nd3 Bb5 17.Bxd6 cxd6 18.e4 Bxd3 19.Qxd3 dxe4 20.Bxe4 d5 21.Bxh7 g6 22.Bxg6 fxg6
23.Qxg6+ Qf7 24.Qd3 Rb6 25.Rac1 O-O 26.Rc2 Qf5 27.Qxf5 Rxf5 28.Rc5 Kf7 29.Rxa5 Nc6
30.Ra4 Rf3 31.b4 Nxd4 32.Ra7+ Kf6 33.Kg2 Rc3 34.Re3 Rxe3 35.fxe3 Nc2 36.Kf3 Rc6
37.b5 Rc3 38.a4 Rxe3+ 39.Kf2 Rb3 40.Rc7 Ne3 41.h3 Nd1+ 42.Kg2 Nb2 43.Ra7 d4
44.Rd7 e5 45.a5 Rxb5 46.Rd6+ Ke7 47.Rb6 Rxb6 48.axb6 Kd6 49.Kf3 d3 50.Ke3 e4  0-1

[Event "NED-chT"]
[Site "Hengelo NED"]
[Date "2000.02.27"]
[Round "4"]
[White "Van der Werf,M"]
[Black "Ligterink,G"]
[Result "1/2-1/2"]
[WhiteElo "2432"]
[BlackElo "2391"]

1.d4 Nf6 2.c4 e6 3.Nf3 b6 4.g3 Ba6 5.b3 Bb4+ 6.Bd2 Be7 7.Bg2 c6 8.Bc3 d5
9.Nbd2 Nbd7 10.O-O O-O 11.Re1 Bb7 12.e4 dxe4 13.Nxe4 c5 14.Nfg5 cxd4 15.Bxd4 Qc7
16.Nxf6+ Bxf6 17.Bxb7 Qxb7 18.Ne4 Bxd4 19.Qxd4 Rad8 20.Rad1 Qc7 21.Qd6 Qxd6
22.Nxd6 Nb8 23.Nb7 Rxd1 24.Rxd1 Rc8 25.c5 bxc5 26.Nxc5 Kf8 27.b4 a5 28.a3 Ke7
29.Rb1 axb4 30.axb4 Nd7 31.Nb3 Nb6 32.Ra1 Rc4 33.Na5 Rc2 34.b5 Rb2 35.Nc6+ Kf6
36.Ra7 Rxb5 37.Rb7 Rb2 38.Nd8 Rd2 39.Rxf7+ Kg6 40.Rf8 Nd7 41.Rh8 e5 42.Nc6 Rc2
43.Ne7+ Kf7 44.Nf5 Nf8 45.Nd6+ Ke7 46.Nf5+  1/2-1/2

[Event "NED-chT"]
[Site "Hengelo NED"]
[Date "2000.02.27"]
[Round "4"]
[White "Piket,Je"]
[Black "Chuchelov,V"]
[Result "1/2-1/2"]
[WhiteElo "2633"]
[BlackElo "2518"]

1.d4 Nf6 2.c4 e6 3.Nf3 b6 4.g3 Ba6 5.Qa4 Bb7 6.Bg2 c5 7.dxc5 Bxc5 8.O-O O-O
9.Nc3 Be7 10.Rd1 Na6 11.Bf4 Qc8 12.Rac1 Nc5 13.Qc2 Nce4 14.Nd4 Nxc3 15.Qxc3 a6
16.Qb3 Bxg2 17.Kxg2 Qb7+ 18.Qf3 Ra7 19.Qxb7 Rxb7 20.f3 Rc8 21.e4 d6 22.Ne2 Ne8
23.b3 h5 24.h4 g6 25.Rd2 Rbc7 26.Rd3 Rc5 27.a4 R5c6 28.Rcd1 Rc5 29.Kf1 Bf8
30.Nc3 Rb8 31.R1d2 Rb7 32.Ke2 Be7 33.Kd1 Kf8 34.Rc2 Rc8 35.Ne2 Rbc7 36.Ra2 Rb7
37.Bh6+ Kg8 38.Be3 Bf6 39.Bf4 Be7 40.Nc3 Bf6 41.Ne2 Be7 42.Rc2 Rbc7 43.Nc3 Bf6
44.Nb1 b5 45.axb5 axb5 46.Na3 bxc4 47.Rxc4 Be7 48.Rxc7 Rxc7 49.Nc4 Rc6 50.Kc2 f5
51.Rc3 fxe4 52.fxe4 Nf6 53.Nd2 Rxc3+ 54.Kxc3 Kf7 55.Kd3  1/2-1/2

[Event "3rd Open"]
[Site "Malaga ESP"]
[Date "2000.02.28"]
[Round "4"]
[White "Caoili,A"]
[Black "Epishin,V"]
[Result "1-0"]
[WhiteElo "2078"]
[BlackElo "2667"]

1.d4 Nf6 2.Nf3 b6 3.c4 e6 4.g3 Ba6 5.b3 Bb7 6.Bg2 Bb4+ 7.Bd2 a5 8.O-O O-O
9.a3 Be7 10.Nc3 d5 11.cxd5 exd5 12.Qc2 Re8 13.Rfc1 Na6 14.Bf4 Qd7 15.Na4 Bd6
16.Bxd6 Qxd6 17.e3 h6 18.Nb2 c5 19.Nh4 Rac8 20.Nc4 Qe6 21.Qf5 cxd4 22.exd4 Qc6
23.Rc2 b5 24.Ne3 Qd6 25.Rxc8 Bxc8 26.Qd3 Nc7 27.Nhf5 Qb6 28.Rc1 b4 29.a4 g6
30.Nh4 Kg7 31.Nf3 Ba6 32.Qc2 Ne6 33.Qd1 Bb7 34.Bh3 Ne4 35.Bxe6 Rxe6 36.Ne5 Nc3
37.Qg4 Qxd4 38.Nf5+  1-0

[Event "Oz.com qualifier blitz"]
[Site "Internet ICC"]
[Date "2000.03.05"]
[Round "3"]
[White "Shipov,S"]
[Black "Olafsson,H"]
[Result "1/2-1/2"]
[WhiteElo "2640"]
[BlackElo "2491"]

1.d4 Nf6 2.c4 e6 3.Nf3 b6 4.g3 Ba6 5.b3 d5 6.cxd5 exd5 7.Bg2 Bb4+ 8.Bd2 Bd6
9.Nc3 O-O 10.O-O Re8 11.Bg5 c6 12.Qc2 Nbd7 13.Rfd1 Rc8 14.Rac1 h6 15.Bxf6 Nxf6
16.e3 Qd7 17.Qb1 Qe7 18.Bf1 Bb7 19.Bh3 Rcd8 20.Qc2 g6 21.Bg2 Kg7 22.Rb1 Rc8
23.Qb2 Ba3 24.Qa1 Bd6 25.Qb2 Ba3 26.Qe2 Bd6 27.Ne1 Ne4 28.Rbc1 Bb4 29.Nxe4 dxe4
30.Nc2 Bd6 31.Qd2 a5 32.Qc3 Kh7 33.Qb2 Red8 34.a3 c5 35.dxc5 Be5 36.Qb1 Rxd1+
37.Rxd1 Qxc5 38.Nd4 Bxd4 39.b4 axb4 40.axb4 Qc2 41.Qxc2 Rxc2 42.exd4 Bd5
43.b5 f5 44.h4 g5 45.hxg5 hxg5 46.Ra1 f4 47.gxf4 gxf4 48.Ra7+ Kg6 49.Rd7 e3
50.Bxd5 Rc1+ 51.Kg2 e2 52.Re7 e1=Q 53.Rxe1 Rxe1 54.Kf3 Kf5 55.Bc6 Re7 56.d5 Ke5
57.d6 Kxd6 58.Kxf4 Rf7+ 59.Ke3 Ke5 60.Be8 Rf4 61.Bc6 Rb4 62.Kf3 Rd4 63.Kg3 Kf5
64.Kf3 Rd3+ 65.Kg2 Kf4 66.Be8 Rc3 67.Bc6 Rc1 68.Be8 Rd1 69.Bc6 Re1 70.Bd7 Re5
71.Bc6 Re1 72.Bd7 Ke4 73.Bc6+ Kf4 74.Bd7  1/2-1/2

[Event "33rd 8th March Women's It"]
[Site "Belgrade YUG"]
[Date "2000.03.06"]
[Round "4"]
[White "Manakova,M"]
[Black "Maric,A"]
[Result "1/2-1/2"]
[WhiteElo "2348"]
[BlackElo "2463"]

1.d4 Nf6 2.c4 e6 3.Nf3 b6 4.g3 Ba6 5.b3 Bb4+ 6.Bd2 Be7 7.Bg2 O-O 8.O-O d5
9.cxd5 exd5 10.Nc3 Bb7 11.Bf4 Na6 12.Qc2 Qd7 13.Rfd1 Rfd8 14.Qb2 h6 15.Rac1 Qe6
16.Ne5 c5 17.Nd3 Ne4 18.Be3 g5 19.Nxe4 dxe4 20.dxc5 bxc5 21.Qe5 Rxd3 22.Qxe6 Rxd1+
23.Rxd1 fxe6 24.Rd7 Bd5 25.Rxe7 Nb4 26.a3 Nc6 27.Rc7 Rb8 28.Bxc5 Rxb3  1/2-1/2

[Event "FSIMC March"]
[Site "Budapest HUN"]
[Date "2000.03.07"]
[Round "2"]
[White "Sinkovics,P"]
[Black "Balogh,C"]
[Result "0-1"]
[WhiteElo "2331"]
[BlackElo "2356"]

1.d4 Nf6 2.c4 e6 3.Nf3 b6 4.g3 Ba6 5.b3 Bb4+ 6.Bd2 Be7 7.Bc3 c6 8.Bg2 d5
9.Ne5 Nfd7 10.Nxd7 Nxd7 11.Nd2 O-O 12.O-O Nf6 13.e4 b5 14.e5 Nd7 15.Re1 bxc4
16.bxc4 Bxc4 17.Nxc4 dxc4 18.Bxc6 Rc8 19.d5 Nb6 20.Ba5 exd5 21.Bxb6 Qxb6
22.Bxd5 Rc5 23.Rb1 Qa5 24.Be4 Rxe5 25.Qd4 f5 26.Bd5+ Rxd5 27.Qxc4 Bf6 28.Red1 Rd8
29.Rb8 Rxb8 30.Rxd5 Qe1+  0-1

[Event "FSIMC March"]
[Site "Budapest HUN"]
[Date "2000.03.09"]
[Round "4"]
[White "Sinkovics,P"]
[Black "Kragelj,I"]
[Result "1/2-1/2"]
[WhiteElo "2331"]
[BlackElo "2214"]

1.d4 Nf6 2.Nf3 e6 3.c4 b6 4.g3 Ba6 5.b3 Bb4+ 6.Bd2 Be7 7.Bg2 c6 8.Bc3 d5
9.Ne5 Nfd7 10.Nxd7 Nxd7 11.Nd2 O-O 12.O-O Nf6 13.Re1 c5 14.e4 dxc4 15.Nxc4 cxd4
16.Bxd4 Bxc4 17.bxc4 Rc8 18.e5 Nd7 19.Qe2 Qc7 20.Bf1 Nb8 21.Rab1 Rfd8 22.Red1 Rd7
23.Bc3 Rcd8 24.Rxd7 Rxd7 25.Qe4 Na6 26.Bd3 g6 27.Bc2 Nc5 28.Qf3 Bf8 29.h4 Bg7
30.Re1 Rd8 31.Qe2 Nd7 32.Bb2 Rc8 33.Bb3 Qb8 34.h5 Rc5 35.f4 Rc8 36.hxg6 hxg6
37.Rd1 Nc5 38.Qf3 Rd8 39.Kg2 Rxd1 40.Bxd1 Qd8 41.Bc3 Qd3 42.Qxd3 Nxd3 43.Ba4 Kf8
44.Kf3 Ke7 45.Ke3 Nc5 46.Bc6 Kd8 47.g4 Bf8 48.Kf3 Be7 49.f5 gxf5 50.gxf5 exf5
51.Kf4 Ne6+ 52.Kxf5 Kc7 53.Bb5 Kd8 54.Bb2 Kc7 55.Bc1 Kd8 56.Bh6 Nd4+ 57.Ke4 Nxb5
58.cxb5 Kd7 59.Kd5 Ba3 60.Bg7 Bb4  1/2-1/2

[Event "Dos Hermanas Qualifier"]
[Site "Internet ICC"]
[Date "2000.03.18"]
[Round "1.2"]
[White "Soppe,G"]
[Black "Zarnicki,P"]
[Result "0-1"]
[WhiteElo "2466"]
[BlackElo "2498"]

1.d4 Nf6 2.c4 e6 3.Nf3 b6 4.g3 Ba6 5.b3 Bb4+ 6.Bd2 Be7 7.Bg2 c6 8.Bc3 d5
9.Ne5 Nfd7 10.Nxd7 Nxd7 11.Nd2 O-O 12.O-O Rc8 13.e4 c5 14.exd5 exd5 15.dxc5 dxc4
16.c6 cxb3 17.Re1 b2 18.Bxb2 Nc5 19.Qg4 Bf6 20.Bxf6 Qxf6 21.Ne4 Qxc6 22.Qh4 Bb7
23.Rad1 h6 24.Rd6 Qc7 25.Rxh6 gxh6 26.Nf6+ Kg7 27.Bh3 Qc6 28.Nh5+ Kh8  0-1

[Event "Extraliga CZE"]
[Site "Ostrava CZE"]
[Date "2000.03.18"]
[Round "10"]
[White "Spacek,P"]
[Black "Kalod,R"]
[Result "0-1"]
[WhiteElo "2410"]
[BlackElo "2440"]

1.d4 Nf6 2.c4 e6 3.Nf3 b6 4.g3 Ba6 5.b3 Bb4+ 6.Bd2 Be7 7.Bg2 c6 8.Bg5 h6
9.Bxf6 Bxf6 10.e4 d5 11.Nbd2 O-O 12.O-O Nd7 13.Re1 Rc8 14.Rc1 Bb7 15.b4 c5
16.bxc5 bxc5 17.cxd5 exd5 18.e5 Be7 19.dxc5 Nxc5 20.Nb3 Qb6 21.Nfd4 Ne4 22.Qg4 Bg5
23.f4 Be7 24.f5 Rxc1 25.Rxc1 Bg5 26.Re1 a5 27.a4 Rc8 28.h4 Rc3 29.Kh2 Rxg3
30.Rxe4 Rxg4 31.Rxg4 Be3 32.e6 fxe6 33.fxe6 g5 34.hxg5 hxg5 35.Bh3 Bf4+ 36.Kh1 Qc7
37.Rg2 Qc3 38.Bf5 Qe1+ 39.Rg1 Qh4+ 40.Kg2 Qg3+ 41.Kf1 Ba6+  0-1

[Event "Belgian Interteams 1999-2000"]
[Site "Antwerp BEL"]
[Date "2000.03.19"]
[Round "11"]
[White "Sadkowsky,D"]
[Black "Chuchelov,V"]
[Result "1/2-1/2"]
[WhiteElo "2287"]
[BlackElo "2518"]

1.d4 Nf6 2.c4 e6 3.Nf3 b6 4.g3 Ba6 5.Nbd2 Bb7 6.Bg2 c5 7.e4 cxd4 8.O-O d6
9.Nxd4 Qd7 10.a4 Nc6 11.Nxc6 Bxc6 12.b4 Be7 13.b5 Bb7 14.a5 bxa5 15.Bb2 O-O
16.Nb3 Rfc8 17.Qe2 e5 18.Nxa5 Rab8 19.Nxb7 Rxb7 20.f3 Qe6 21.Rfc1 Bd8 22.h4 Bb6+
23.Kh2 Qe7 24.Bh3 Rcc7 25.Rd1 Bc5  1/2-1/2

[Event "55th ch-YUG"]
[Site "Subotica YUG"]
[Date "2000.03.23"]
[Round "7"]
[White "Antic,D"]
[Black "Mijailovic,Z"]
[Result "1/2-1/2"]
[WhiteElo "2491"]
[BlackElo "2394"]

1.d4 Nf6 2.c4 e6 3.Nf3 b6 4.g3 Ba6 5.b3 Bb7 6.Bg2 Bb4+ 7.Bd2 a5 8.O-O O-O
9.Qc2 h6 10.Nc3 Re8 11.Rfe1 Bxc3 12.Bxc3 Be4 13.Qd1 d5 14.Bf1 Nbd7 15.Nd2 Bg6
16.Bg2 c6 17.e4 b5 18.e5 Nh7 19.Nf1 a4 20.Ne3 axb3 21.axb3 bxc4 22.bxc4 Ng5
23.f3 f6 24.h4 Nf7 25.f4 fxe5 26.dxe5 Rxa1 27.Bxa1 Nc5 28.cxd5 cxd5 29.f5 Bxf5
30.Nxf5 exf5 31.Bxd5 Ne6 32.Qb3 Qe7 33.Rf1 Nfd8 34.Bb2 g6 35.Qb6 Kh8 36.Ra1 f4
37.Ra7 Qf8 38.g4 f3 39.Qe3 h5 40.gxh5 gxh5 41.Bxf3 Re7 42.Rxe7 Qxe7 43.Qh6+ Kg8
44.Qxh5 Qc5+ 45.Kh1 Qf2 46.Qg4+ Kh8 47.Bc3 Qe3 48.Qh5+ Kg7 49.Ba5 Nf7 50.Qg4+ Kh8
51.Qh5+ Kg8 52.Qg6+ Ng7 53.Bd5 Qh3+ 54.Kg1 Qe3+ 55.Kf1 Qh3+ 56.Ke2 Qf5 57.Qxf5 Nxf5
58.e6 N7d6 59.Bb4 Kg7 60.Kd3 Kf6 61.Bc3+ Kg6 62.Be1 Kh5 63.Bf3+ Kg6 64.Bf2 Kf6
65.Bd5 Ke5 66.Bb3 Nc8 67.Be1 Nce7 68.Bc3+ Kf4 69.Bf6 Ng8 70.Bd8 Nge7 71.Kc4 Nc6
72.Bf6 Na5+ 73.Kb4 Nxb3 74.Kxb3 Nd6 75.e7 Kf5 76.Bg5 Kg6 77.Kb4 Kf7 78.h5 Nf5
79.Kc5 Nxe7  1/2-1/2

[Event "55th ch-YUG"]
[Site "Subotica YUG"]
[Date "2000.03.26"]
[Round "9"]
[White "Ilincic,Z"]
[Black "Pavlovic,Mi"]
[Result "0-1"]
[WhiteElo "2554"]
[BlackElo "2481"]

1.d4 Nf6 2.c4 e6 3.Nf3 b6 4.g3 Ba6 5.b3 Bb7 6.Bg2 Bb4+ 7.Bd2 Be7 8.O-O O-O
9.Nc3 Na6 10.Bf4 Re8 11.a3 d5 12.Ne5 c5 13.dxc5 Nxc5 14.b4 Nce4 15.Nxe4 Nxe4
16.cxd5 exd5 17.Rc1 Bf6 18.Nc6 Qd7 19.Nd4 Rac8 20.Qd3 Rc4 21.Be3 Ba6 22.Rxc4 Bxc4
23.Qc2 h5 24.Rd1 h4 25.gxh4 Bxh4 26.Nf3 Qg4 27.Nxh4 Qxh4 28.Rd4 b5 29.Qd1 Qf6
30.Bxe4 dxe4 31.h3 Qf5 32.Rd8 Qg6+ 33.Kh2 f6 34.Rxe8+ Qxe8 35.Bxa7 Qh5 36.Qd8+ Kh7
37.Qd7 Bxe2 38.Bd4 Bf3 39.Kg1 Qg5+ 40.Kf1 Qc1+  0-1

[Event "ch-LTU"]
[Site "Vilnius LTU"]
[Date "2000.03.26"]
[Round "2"]
[White "Butnorius,A"]
[Black "Sulskis,S"]
[Result "1/2-1/2"]
[WhiteElo "2434"]
[BlackElo "2499"]

1.d4 e6 2.c4 b6 3.Nf3 Nf6 4.g3 Ba6 5.b3 b5 6.cxb5 Bxb5 7.Bg2 Bb4+ 8.Bd2 Bxd2+
9.Qxd2 Bc6 10.O-O O-O 11.Rc1 a5 12.Nc3 Na6 13.a3 Qe7 14.Qc2 Bxf3 15.Bxf3 c6
16.Na4 Rfb8 17.e3 Nc7 18.Nc5 Ra7 19.h4 h6 20.Bg2 e5 21.dxe5 Qxe5 22.Nd3 Qe7
23.Nc5 Ne6 24.Nd3 Rab7 25.Rcb1 Rb5 26.a4 R5b7 27.Qc3 Ra7 28.e4 Ne8 29.Rc1 Qd6
30.Rd1 c5 31.e5 Qb6 32.Bd5 N8c7 33.Bc4 Qc6 34.Rac1 Kh8 35.Bxe6 Nxe6 36.Qc4 Rc7
37.Nf4 Rb4 38.Qd5 Nxf4 39.Qxc6 Rxc6 40.gxf4 Rxf4 41.Rxd7 Rg4+ 42.Kf1 Rxh4
43.Rc4 Rh1+ 44.Kg2 Rh5 45.f4 Kg8 46.Ra7 Rg6+ 47.Kf3 f5 48.exf6  1/2-1/2

[Event "ch-LTU"]
[Site "Vilnius LTU"]
[Date "2000.03.29"]
[Round "5"]
[White "Rutkauskas,G"]
[Black "Linauskas,D"]
[Result "0-1"]
[WhiteElo "2081"]
[BlackElo "2323"]

1.d4 Nf6 2.Nf3 e6 3.c4 b6 4.g3 Ba6 5.Nbd2 Be7 6.Bg2 O-O 7.O-O d5 8.Ne5 c5
9.cxd5 exd5 10.Ndf3 Bb7 11.Bf4 Na6 12.Qa4 Qe8 13.Qxe8 Rfxe8 14.Ng5 Rf8 15.Bh3 h6
16.Ngxf7 Rxf7 17.Be6 Rf8 18.Ng6 Kh7 19.Ne5 g5 20.Be3 Rg7 21.Bf5+ Kh8 22.Ng6+ Rxg6
23.Bxg6 Ng4 24.h3 Kg7 25.Bh5 Nxe3 26.fxe3 Rxf1+ 27.Rxf1 Bf6 28.Kg2 Nb4 29.Kf3 cxd4
30.Rc1 Nc6 31.b4 Ne5+ 32.Kg2 Nc4 33.exd4 Bxd4 34.Bf3 b5 35.Kh2 Be3 36.Rd1 Nd2
37.Bg2 Kf6 38.Kh1 Ke6 39.Rc1 Kd6 40.Rc2 Nc4 41.Kh2 Bc8 42.Rc3 Bf5 43.g4 Bg6  0-1

[Event "55th ch-YUG"]
[Site "Subotica YUG"]
[Date "2000.03.30"]
[Round "12"]
[White "Mijailovic,Z"]
[Black "Perunovic,Mil"]
[Result "1/2-1/2"]
[WhiteElo "2394"]
[BlackElo "2384"]

1.d4 Nf6 2.Nf3 e6 3.c4 b6 4.g3 Ba6 5.Qa4 Bb7 6.Bg2 c5 7.O-O cxd4 8.Nxd4 Bxg2
9.Kxg2 Bc5 10.Rd1 Qc8 11.Nb5 O-O 12.N1c3 Qc6+ 13.f3 Rc8 14.Bf4 Ne8 15.Ne4 Be7
16.Rac1 f5 17.Nd2 Nf6  1/2-1/2

[Event "AB Puchko Mem"]
[Site "Alushta UKR"]
[Date "2000.03.31"]
[Round "13"]
[White "Shengelia,D"]
[Black "Rogovski,V"]
[Result "1-0"]
[WhiteElo "2387"]
[BlackElo "2466"]

1.d4 Nf6 2.Nf3 e6 3.c4 b6 4.g3 Ba6 5.Qc2 d5 6.cxd5 exd5 7.Bg2 Bd6 8.Nc3 O-O
9.O-O Nbd7 10.Nh4 c6 11.Nf5 Bb4 12.Qa4 Bxc3 13.Qxa6 Ba5 14.Bg5 g6 15.Nh6+ Kg7
16.a3 b5 17.Ng4 Qc7 18.Bh6+ Kg8 19.Nxf6+ Nxf6 20.Bxf8 Rxf8 21.a4 bxa4 22.Rfc1 Bb6
23.Qxa4 Rc8 24.Bh3 Re8 25.Rxc6  1-0

[Event "ch-LTU"]
[Site "Vilnius LTU"]
[Date "2000.04.01"]
[Round "8"]
[White "Butnorius,A"]
[Black "Kveinys,A"]
[Result "1/2-1/2"]
[WhiteElo "2434"]
[BlackElo "2496"]

1.d4 Nf6 2.Nf3 e6 3.c4 b6 4.g3 Ba6 5.b3 Bb7 6.Bg2 Bb4+ 7.Bd2 a5 8.O-O O-O
9.a3 Be7 10.Nc3 d5 11.cxd5 exd5 12.Qc2 Re8 13.Bf4 Bf8 14.Rfd1 h6 15.Nb5 Na6
16.Ne5 c6 17.Nc3 Nc7 18.Na4 Ne6 19.Be3 Rc8 20.Qb2  1/2-1/2

[Event "ch-LTU"]
[Site "Vilnius LTU"]
[Date "2000.04.01"]
[Round "8"]
[White "Ruzele,D"]
[Black "Gavrikov,Vi"]
[Result "1/2-1/2"]
[WhiteElo "2525"]
[BlackElo "2563"]

1.d4 Nf6 2.c4 e6 3.Nf3 b6 4.g3 Ba6 5.b3 Bb4+ 6.Bd2 Be7 7.Bg2 O-O 8.O-O d5
9.cxd5 exd5 10.Nc3 Bb7 11.Qc2 Na6 12.Rad1 Qc8 13.Bf4  1/2-1/2

[Event "Estonian Club Cup 2nd leg"]
[Site "Tallinn EST"]
[Date "2000.04.07"]
[Round "?"]
[White "Kanep,M"]
[Black "Tanav,T"]
[Result "1-0"]
[WhiteElo "2222"]
[BlackElo "2285"]

1.d4 Nf6 2.c4 e6 3.Nf3 b6 4.g3 Ba6 5.b3 c6 6.Bg2 d5 7.Nbd2 Nbd7 8.O-O b5
9.cxb5 cxb5 10.e4 dxe4 11.Ng5 Be7 12.Ndxe4 Rc8 13.Nxf7 Kxf7 14.Ng5+ Kg8 15.Bh3 Nf8
16.Nxe6 Rc6 17.Nxd8  1-0

[Event "Open"]
[Site "Dos Hermanas ESP"]
[Date "2000.04.09"]
[Round "3"]
[White "Vassallo,M"]
[Black "Campora,D"]
[Result "1/2-1/2"]
[WhiteElo "2404"]
[BlackElo "2534"]

1.d4 Nf6 2.c4 e6 3.Nf3 b6 4.g3 Ba6 5.Qa4 Bb7 6.Bg2 c5 7.dxc5 Bxc5 8.O-O O-O
9.Nc3 Qc8 10.Bf4 a6 11.Rac1 Nh5 12.Rfd1 Nxf4 13.gxf4 Qc7 14.e3 Be7 15.Qc2 g6
16.Qd3 d6 17.b4 Rd8 18.Ne4 Nc6 19.a3 Rac8 20.h4 Qb8 21.h5 d5 22.cxd5 Rxd5
23.Qb1 Rcd8 24.Rxd5 exd5 25.Neg5 Qd6 26.Rd1 Bf6 27.hxg6 hxg6 28.Ne4 Qe7 29.Nxf6+ Qxf6
30.Nd4 Ne7 31.Rc1 Bc8 32.Qa1 Rd6 33.Ne2 Qxa1 34.Rxa1 Rc6 35.Rc1 Rxc1+ 36.Nxc1 Kf8
37.Na2 Ke8 38.Nc3 Bb7 39.Na4 Nc8 40.Nc3 Ne7 41.Na4 Nc8 42.Nc3  1/2-1/2

[Event "Chalapathi GM"]
[Site "Guntur, AP IND"]
[Date "2000.04.09"]
[Round "7"]
[White "Shariyazdanov,A"]
[Black "Prasad,D"]
[Result "1-0"]
[WhiteElo "2612"]
[BlackElo "2421"]

1.d4 Nf6 2.c4 e6 3.Nf3 b6 4.g3 Ba6 5.b3 Bb4+ 6.Bd2 Be7 7.Nc3 d5 8.Bg2 c6
9.O-O Nbd7 10.Qc2 Rc8 11.e4 dxc4 12.Rfd1 O-O 13.Bf4 h6 14.h3 Bb4 15.Nd2 b5
16.bxc4 bxc4 17.a3 Be7 18.Na4 c5 19.d5 exd5 20.exd5 Nh5 21.Be3 Bf6 22.Rac1 Bd4
23.g4 Bxe3 24.fxe3 Nhf6 25.Nxc4 Bxc4 26.Qxc4 Re8 27.Qf4 Qa5 28.Nb2 Ne5 29.Nd3 Ng6
30.Qf2 c4 31.Nb4 Qxa3 32.Nc6 Ne5 33.Qd2 Nxc6 34.dxc6 Qxe3+ 35.Qxe3 Rxe3 36.Rxc4 Rc7
37.Rb1 g5 38.Rb7 Ree7 39.Ra4 Ne8 40.Raxa7 Kg7 41.Kf2 Kf6 42.Ra8 Nd6 43.Rxc7 Rxc7
44.Ke3 Re7+ 45.Kd3 Ne8 46.Rd8 Nc7 47.Kc4 Re2 48.Rd7 Rxg2 49.Rxc7 Ke6 50.Rd7 Rc2+
51.Kb5 Rb2+ 52.Kc5 Rb3 53.Rd6+ Ke7 54.Rxh6 Kd8 55.Kd6 Rd3+ 56.Ke5 Kc7 57.Kf6 Kxc6
58.Kxf7+ Kd7 59.Kf6  1-0

[Event "Open"]
[Site "Dos Hermanas ESP"]
[Date "2000.04.13"]
[Round "7"]
[White "Lalic,B"]
[Black "Veingold,A"]
[Result "1/2-1/2"]
[WhiteElo "2548"]
[BlackElo "2448"]

1.d4 Nf6 2.c4 e6 3.Nf3 b6 4.g3 Ba6 5.b3 Bb4+ 6.Bd2 Be7 7.Bg2 c6 8.Bc3 d5
9.Ne5 Nfd7 10.Nxd7 Nxd7 11.Nd2 O-O 12.O-O Nf6 13.Re1 c5 14.Rc1  1/2-1/2

[Event "XXXI Open"]
[Site "Mar del Plata ARG"]
[Date "2000.04.16"]
[Round "2"]
[White "Forestani,A"]
[Black "Zarnicki,P"]
[Result "1/2-1/2"]
[WhiteElo "2250"]
[BlackElo "2498"]

1.d4 e6 2.c4 Nf6 3.Nf3 b6 4.g3 Ba6 5.Qa4 Bb7 6.Bg2 c5 7.dxc5 bxc5 8.O-O Be7
9.Nc3 O-O 10.Bf4 Qb6 11.Rfd1 Rd8 12.Rd2 d5 13.cxd5 exd5 14.e3 Na6 15.Rad1 Nb4
16.Ne5 Qe6 17.a3 Na6 18.Nc4 Rac8 19.Bg5 Nc7 20.Qxa7 Rb8  1/2-1/2

[Event "Japfa Classic"]
[Site "Bali INA"]
[Date "2000.04.22"]
[Round "1"]
[White "Adianto,U"]
[Black "Milos,G"]
[Result "1/2-1/2"]
[WhiteElo "2584"]
[BlackElo "2620"]

1.d4 Nf6 2.c4 e6 3.Nf3 b6 4.g3 Ba6 5.b3 Bb4+ 6.Bd2 Be7 7.Nc3 O-O 8.e4 d5
9.cxd5 Bxf1 10.Kxf1 exd5 11.e5 Ne4 12.Kg2 c5 13.Qe2 Nxc3 14.Bxc3 Nc6 15.Rhe1 Qc8
16.Rad1 Qe6 17.Ng1 cxd4 18.Bxd4 Bb4 19.Rf1 Nxd4 20.Rxd4 Bc3 21.Rd3 Qxe5 22.Qxe5 Bxe5
23.Rxd5 Bf6 24.Rc1 Rfc8 25.Rxc8+ Rxc8 26.Rd7 a5 27.Nf3 Kf8 28.Rb7 Rc6 29.a4 h6
30.Nd2 Bd4 31.Rd7 Bc5 32.Ne4 Bb4 33.g4 g6 34.Rb7 Re6 35.Kf3 Rc6 36.Kg2 Re6
37.Kf3 Rc6  1/2-1/2

[Event "12th Open Semifinal"]
[Site "Lenk SUI"]
[Date "2000.04.23"]
[Round "6"]
[White "Gheorghiu,F"]
[Black "Sokolov,An"]
[Result "1/2-1/2"]
[WhiteElo "2462"]
[BlackElo "2565"]

1.d4 Nf6 2.c4 e6 3.Nf3 b6 4.g3 Ba6 5.Nbd2 Bb7 6.Bg2 Be7 7.O-O O-O 8.b3 c5
9.Bb2 cxd4 10.Nxd4 Bxg2 11.Kxg2 Nc6 12.e4 Nxd4 13.Bxd4 d6 14.Qe2 Qc7 15.Rfd1 Rfe8
16.Rac1 Qb7 17.f3 Rad8 18.Nf1 d5 19.cxd5 exd5 20.e5 Nd7 21.f4 Nf8 22.Ne3 Ne6
23.Qf3 Rd7 24.Rc2 Red8 25.Rcd2 Bf8 26.Ba1 Nc7 27.h4 Qa6 28.Nf5 Ne6 29.Nd4 Nxd4
30.Bxd4 Bb4 31.Re2 Qc8 32.f5 Rc7 33.e6 Rc2 34.exf7+ Kxf7 35.Rf1 Rxe2+ 36.Qxe2 Bc5
37.Qh5+ Kg8 38.Be5 Bd6 39.f6 Qc2+ 40.Kh3 Qg6 41.Qxg6 hxg6 42.Bxd6 Rxd6 43.fxg7 Kxg7
44.Kg4 d4 45.Rd1 d3 46.Kf4 Kh6 47.Rd2 Rd8 48.g4 Rd4+ 49.Kf3 g5 50.hxg5+ Kxg5
51.Ke3 Rxg4 52.Rxd3 Rg2 53.a3 Kf6 54.Kd4 Ke6 55.Kc4 a6 56.Rd4 Rg5  1/2-1/2

[Event "Open"]
[Site "Dubai UAE"]
[Date "2000.04.29"]
[Round "2"]
[White "Riazantsev,A"]
[Black "Anastasian,A"]
[Result "1/2-1/2"]
[WhiteElo "2442"]
[BlackElo "2606"]

1.d4 Nf6 2.c4 e6 3.Nf3 b6 4.g3 Ba6 5.Nbd2 c5 6.Bg2 Bb7 7.e4 cxd4 8.Nxd4 Bc5
9.N4b3 Be7 10.O-O Qc7 11.Qe2 d6 12.Nd4 a6 13.b3 Nc6 14.Bb2 Nxd4 15.Bxd4 O-O
16.Rac1 Bc6 17.Rfe1 Rfd8 18.Bb2 h6 19.Nf3 e5 20.Nd2 Qb7 21.Nb1 b5 22.Nc3 Nd7
23.Red1 bxc4 24.bxc4 Nc5 25.Rb1 Na4 26.Ba1 Nxc3 27.Bxc3 Qc7 28.Bd2 Bd7 29.Be3 Rdc8
30.Rdc1 Be6 31.Bf1 Qc6 32.Rb6 Qa4 33.Qc2 Qxc2 34.Rxc2 a5 35.Bc1 Rcb8 36.Rb5 Kf8
37.Ba3 Rc8 38.Rb6 Rab8 39.Ra6 Ra8 40.Rb6 Rcb8 41.Rcb2 Rxb6 42.Rxb6 Rc8 43.Bxd6 Bxd6
44.Rxd6 Bxc4 45.Bxc4 Rxc4 46.Rd5 Ra4 47.Rxe5 Rxa2 48.h4  1/2-1/2

[Event "Open"]
[Site "Dubai UAE"]
[Date "2000.04.30"]
[Round "3"]
[White "Shumiakina,T"]
[Black "Sax,G"]
[Result "0-1"]
[WhiteElo "2365"]
[BlackElo "2609"]

1.d4 Nf6 2.c4 e6 3.Nf3 b6 4.g3 Ba6 5.b3 b5 6.Bg2 bxc4 7.Ne5 Bb4+ 8.Kf1 c6
9.bxc4 O-O 10.Nd3 Be7 11.c5 d6 12.Ba3 Bxd3 13.Qxd3 dxc5 14.Bxc5 Bxc5 15.dxc5 Nd5
16.Nd2 Nd7 17.Nb3 Rb8 18.Rc1 Ne5 19.Qd4 Qc7 20.Bxd5 exd5 21.Kg2 a5 22.Nxa5 Ra8
23.Nb7 Rxa2 24.Nd6 Qe7 25.Rhe1 Qf6 26.Qf4 Qe6 27.Qf5 g6 28.Qxe6 fxe6 29.f4 Nd3
30.Kf3 Nxe1+ 31.Rxe1 Rc2 32.e4 Rxc5 33.exd5 exd5 34.Re7 Rc2 35.h4 c5 36.Kg4 Rd8
37.Nf7 Kf8 38.Rc7 Rb8 39.Ne5 Ke8 40.Rxh7 Rb6 41.Kg5 d4 42.h5 gxh5 43.f5 Rf2
44.Nd7 Rd6 45.Nf6+ Rxf6 46.Kxf6 d3 47.Re7+ Kd8 48.Re5 d2 49.Rd5+ Kc7 50.Kg6 c4
51.f6 c3 52.f7 Rxf7 53.Kxf7 c2  0-1

[Event "Open"]
[Site "Dubai UAE"]
[Date "2000.05.02"]
[Round "5"]
[White "Riazantsev,A"]
[Black "Sax,G"]
[Result "1/2-1/2"]
[WhiteElo "2442"]
[BlackElo "2609"]

1.d4 Nf6 2.c4 e6 3.Nf3 b6 4.g3 Ba6 5.Nbd2 Bb7 6.Bg2 c5 7.e4 cxd4 8.Nxd4 Bc5
9.N4b3 d6 10.O-O e5 11.Qe1 Nc6 12.Nb1 O-O 13.Nc3 Bb4 14.Bd2 Ba6 15.Nd5 Bxd2
16.Nxd2 Nd4 17.Ne3 Bb7 18.Rc1 Rc8 19.b3 a6 20.Nc2 Ne6 21.Qe2 Nc5 22.Nb4 a5
23.Nc2 Rc7 24.Na3 Ba6 25.Qe3 Ng4 26.Qe2 Nf6 27.Qe3 Ng4 28.Qe2 Nf6  1/2-1/2

[Event "3rd Open"]
[Site "Tanta City EGY"]
[Date "2000.05.03"]
[Round "1"]
[White "Gyimesi,Z"]
[Black "Ahmed,Es"]
[Result "1-0"]
[WhiteElo "2518"]
[BlackElo "2363"]

1.d4 Nf6 2.c4 e6 3.Nf3 b6 4.g3 Ba6 5.b3 Bb4+ 6.Bd2 Be7 7.Bg2 d5 8.cxd5 exd5
9.O-O O-O 10.Nc3 c6 11.Re1 Ne4 12.Rc1 Bb7 13.Ne5 Nxd2 14.Qxd2 Nd7 15.Nd3 Nf6
16.b4 Re8 17.Rc2 Bd6 18.b5 Rc8 19.bxc6 Bxc6 20.Rec1 Qd7 21.Nf4 Ba3 22.Bh3 Bxc1
23.Qxc1 Re6 24.Nxe6 fxe6 25.Nb5 Kf7 26.Nxa7 Qxa7 27.Rxc6 Rxc6 28.Qxc6 Qxa2
29.Qxe6+ Kf8 30.Qd6+ Ke8 31.Qe5+ Kf8 32.Bf5 Qc4 33.Kg2 Qc6 34.g4 Kf7 35.g5 Nd7
36.Qf4 Kg8 37.Qe3 Nf8 38.Qe7 b5 39.h4 h6 40.e3 hxg5 41.hxg5 Qb6 42.Qe5 Qc6
43.Bg4 Kh7 44.Qf5+ Ng6 45.Bf3 Kh8 46.Qxd5 Qb6 47.Qa8+ Kh7 48.Bd5  1-0

[Event "Cat IV Women"]
[Site "Banja Dvorovi YUG"]
[Date "2000.05.06"]
[Round "1"]
[White "Nestorovic,I"]
[Black "Sakotic,J"]
[Result "1/2-1/2"]
[WhiteElo "2111"]
[BlackElo "2046"]

1.d4 Nf6 2.c4 e6 3.Nf3 b6 4.g3 Ba6 5.b3 Bb4+ 6.Bd2 Be7 7.Bg2 c6 8.Bc3 d5
9.Nbd2 Nbd7 10.O-O O-O 11.Re1 c5 12.e4 dxe4 13.Nxe4 Nxe4 14.Rxe4 Bb7 15.Re3 Bf6
16.dxc5 Nxc5 17.Ne5 Bxg2 18.Kxg2 Qc7  1/2-1/2